Welsh Cities on a Map - Statistics

General Stats
  • This quiz has been taken 18 times
  • The average score is 8 of 10
Answers on the Map
Answers color-coded by a green-red scale on the quiz's map according to % correct below.
 
Answer Stats
Answer % Correct
Cardiff
100%
Wrexham
100%
Newport
92%
Swansea
85%
Cwmbran
77%
Barry
69%
Merthyr
69%
Neath
62%
Bridgend
54%
Illanelli
54%
No matching quizzes found
Score Distribution
Percent of People with Each Score
Percentile by Number Answered
Your Score History
You have not taken this quiz